Understanding the world economy / (Record no. 17641)
[ view plain ]
| 000 -LEADER | |
|---|---|
| fixed length control field | 01606aam a2200337 a 4500 |
| 001 - CONTROL NUMBER | |
| control field | 016111195 |
| 003 - CONTROL NUMBER IDENTIFIER | |
| control field | OSt |
| 005 - DATE AND TIME OF LATEST TRANSACTION | |
| control field | 20131010131518.0 |
| 008 - FIXED-LENGTH DATA ELEMENTS--GENERAL INFORMATION | |
| fixed length control field | 120430s2013 nyua b 001 0 eng |
| 020 ## - INTERNATIONAL STANDARD BOOK NUMBER | |
| International Standard Book Number | 9780415681308 (hardback) : |
| 020 ## - INTERNATIONAL STANDARD BOOK NUMBER | |
| International Standard Book Number | 0415681308 (hardback) : |
| 020 ## - INTERNATIONAL STANDARD BOOK NUMBER | |
| International Standard Book Number | 9780415681315 (paperback) : |
| 020 ## - INTERNATIONAL STANDARD BOOK NUMBER | |
| International Standard Book Number | 0415681316 (paperback) : |
| 020 ## - INTERNATIONAL STANDARD BOOK NUMBER | |
| Cancelled/invalid ISBN | 9780203084441 (ebk) : |
| 082 00 - DEWEY DECIMAL CLASSIFICATION NUMBER | |
| Classification number | 337 |
| Edition number | 23 |
| Item number | CLE |
| 100 1# - MAIN ENTRY--PERSONAL NAME | |
| Personal name | Cleaver, Tony, |
| Dates associated with a name | 1947- |
| 9 (RLIN) | 34063 |
| 245 10 - TITLE STATEMENT | |
| Title | Understanding the world economy / |
| Statement of responsibility, etc | Tony Cleaver. |
| 250 ## - EDITION STATEMENT | |
| Edition statement | 4th ed. |
| 260 ## - PUBLICATION, DISTRIBUTION, ETC. (IMPRINT) | |
| Place of publication, distribution, etc | New York : |
| Name of publisher, distributor, etc | Routledge, |
| Date of publication, distribution, etc | 2013. |
| 300 ## - PHYSICAL DESCRIPTION | |
| Extent | xiv, 289 p. : |
| Other physical details | ill. ; |
| Dimensions | 25 cm. |
| 500 ## - GENERAL NOTE | |
| General note | Formerly CIP. |
| Institution to which field applies | Uk |
| 504 ## - BIBLIOGRAPHY, ETC. NOTE | |
| Bibliography, etc | Includes bibliographical references and index. |
| 505 0# - FORMATTED CONTENTS NOTE | |
| Formatted contents note | Going to market -- Market failure and the great debate -- Unemployment and inflation -- Free trade, regional agreements and job losses -- The trade in primary resources : blessing or curse? -- Customs unions and common markets -- Money, banking and international finance -- Exchange rates and currency union -- Financial crises, sovereign debt and future reform -- Economic development, growth and inequality -- The economics of terrorism -- Environmental economics : sustaining spaceship earth -- Conclusion : what future awaits us in the twenty-first century and beyond?. |
| 650 #0 - SUBJECT ADDED ENTRY--TOPICAL TERM | |
| Topical term or geographic name as entry element | International trade. |
| 9 (RLIN) | 34064 |
| 650 #0 - SUBJECT ADDED ENTRY--TOPICAL TERM | |
| Topical term or geographic name as entry element | Economic development. |
| 9 (RLIN) | 34065 |
| 650 #0 - SUBJECT ADDED ENTRY--TOPICAL TERM | |
| Topical term or geographic name as entry element | Debts, External. |
| 9 (RLIN) | 7015 |
| 650 #0 - SUBJECT ADDED ENTRY--TOPICAL TERM | |
| Topical term or geographic name as entry element | Environmental economics. |
| 9 (RLIN) | 34066 |
| 650 #0 - SUBJECT ADDED ENTRY--TOPICAL TERM | |
| Topical term or geographic name as entry element | Foreign exchange. |
| 9 (RLIN) | 34067 |
| 653 ## - INDEX TERM--UNCONTROLLED | |
| Resource For college | |
| Arrived date list | October2013 |
| 942 ## - ADDED ENTRY ELEMENTS (KOHA) | |
| Source of classification or shelving scheme | Dewey Decimal Classification |
| Item type | Book - Borrowing |
| Call number prefix | 337 CLE |
| Withdrawn status | Item status | Source of classification or shelving scheme | Damaged status | Not for loan | Vendor | Home library | Current library | Shelving location | Date acquired | Source of acquisition | Total Checkouts | Total Renewals | Full call number | Barcode | Date last seen | Date last borrowed | Koha item type |
|---|---|---|---|---|---|---|---|---|---|---|---|---|---|---|---|---|---|
| Dewey Decimal Classification | Baccah | Central Library | Central Library | First floor | 10/10/2013 | 3 | 1 | 337 CLE | 000029385 | 15/07/2025 | 22/06/2017 | Book - Borrowing | |||||
| Dewey Decimal Classification | Baccah | Central Library | Central Library | First floor | 10/10/2013 | 337 CLE | 000029386 | 15/07/2025 | Book - Borrowing |